000 00559nam a2200205 a 4500
001 BRL_1732
005 20190320211338.0
008 220715s--------mx-a######---#000-0#spa-#
041 _aspa
044 _amx
050 4 _aF1321
_b.P36 1978
100 1 _aBradomín, José María
_927746
245 1 0 _aHistoría antigua de Oaxaca
_cJosé María Bradomín.
260 _aOaxaca, Oaxaca
_b[Editorial Tradición]
_c1978
300 _a355 p.
_bil.
_c23 cm.
500 _aAu1944
650 1 4 _aOaxaca (México)
_xHistoria
_927747
902 _aGRL
942 _2lcc
_cB
999 _c10540
_d10540